Réplique d'Harry Potter - qui a dit... - Statistiques

Statistiques générales
  • Ce quiz a été pris 257 fois
  • Le résultat moyen est 12 sur 15
Statistiques - réponses
Question Réponse % Correct
" Pas à Serpentard ? Tu es sur ? Choixpeau magique
100%
" On a peur Potter ? " Drago Malefoy
98%
" Je ne suis pas un hibou !" Hermione Granger
96%
" Ouvrez vos livres page 394 Severus Rogue
96%
« Gryffondor de nouveau à l’attaque, Johnson s’empare du Souafle, suivie par Flint… Mets-lui un doigt dans l’œil, Angelina ! Non, non, professeur, c’était une simple plaisanterie... » Lee Jordan
93%
" Pourquoi c'est toujours moi ? " Neville Londubat
91%
" Piertotum locomotor. J'ai toujours rêvé de l'utiliser ce sort. " Minerva McGonagall
89%
" Je sais qui sont les gens douteux, je n’ai pas besoin de conseils. " Harry Potter
87%
" C'est très intelligent le Gobelins mais c'est pas la plus gentille des créature. " Rubeus Hagrid
84%
" L'objet est ici, caché dans le château. Si vous devez demander, jamais vous ne saurez. Si vous savez, il suffit de demander. " La dame Grise
76%
" Il n’y a pas de bien ni de mal, il n’y a que le pouvoir, et ceux qui sont trop faibles pour le rechercher… " Lord Voldemort
73%
" C'est méchant de dire ça Severus. " Lily Potter
71%
« Je ne crois pas que tu prennes inutilement de la place. » – Dudley Dursley
64%
« Rends-lui la vie infernale à cette vieille folle, Peeves. » Fred Weasley
60%
« J’ai agi exactement comme Voldemort s’attend à ce que nous agissions, nous, les imbéciles qui éprouvons des sentiments d’amour. » Albus Dumbledore
33%
Aucun quiz correspondant
Distribution des résultats
% des personnes avec chaque résultat
Percentile par nombre de réponses
Votre historique - résultats
Vous n’avez pas pris ce quiz